المدخل لدراسة القرآن الكريم

Bibliographic Details
Main Author: ابو شهبة، محمد بن محمد (Author)
Format: Book
Published: Qahirah : al-Qahirah al-Hadithah lil-Taba`ah , 1972

MARC

LEADER 00000cam a2200000 7i4500
001 0000009155
005 20220921093000.0
008 021119s1972
090 0 0 |a BP130   |b .S983 1972 
100 1 |a ابو شهبة، محمد بن محمد ,   |e author 
241 1 3 |a al-Madkhal li-dirasah al-Qur'an al-karim 
245 1 2 |a المدخل لدراسة القرآن الكريم   |c محمد بن محمد ابو شهبة 
260 2 |a Qahirah :   |b al-Qahirah al-Hadithah lil-Taba`ah ,   |c 1972 
300 |a 496 p. ;   |c 24 cm. 
640 0 0 |a Qur'an   |x Study and teaching 
999 |a 1000018471   |b Book   |c OPEN SHELF (30 DAYS)   |e Gong Badak Campus 
999 |a 1000018472   |b Book   |c OPEN SHELF (30 DAYS)   |e Gong Badak Campus 
999 |a 1000018473   |b Book   |c OPEN SHELF (30 DAYS)   |e Gong Badak Campus